000 02977ncm0a2200457 4500
001 RU\NLR\ONIZ\266450
005 20250624222103.0
013 _a979-0-3522-1016-5
035 _a(NLR Aleph) 012907884
071 2 0 _aс 6680 к
090 _a12604396
_c12604396
100 _a20220704d2017 |||y0rusy50 ca
101 0 _arus
102 _aRU
125 _aay
128 _acto
145 0 _ab
200 1 _aМузыкальное рандеву
_bНоты
_eпопурри для фортепиано в 4 руки
_eучебное пособие
_eстаршие классы ДМШ, младшие курсы музыкального колледжа
_fН. А. Капитанова
_gпод редакцией О. А. Геталовой
203 _aМузыка
_bзнаковая
_bвизуальная
_cнепосредственная
210 _aСанкт-Петербург
_cКомпозитор - Санкт-Петербург
_d2017
215 _a56 с.
_cил.
_d29 см
300 _aМетод. рекомен.: с. 51-53.
313 _aСистематизация документа проведена по изданию - Методика классифицирования музыкальных произведений (нотных изданий) по таблицам Библиотечно-библиографических классификаций : метод. рекомендации / Гос. б-ка СССР им. В.И. Ленина.- М., 1977. Индексу ББК методических рекомендаций присваивается код ББК для научных библиотек - LBC/SL
327 0 _aСодерж.: 1. По следам бременских музыкантов ; 2. Зимняя сказка ; 3. История любви ; 4. Бетховен-рок-н-ролл
606 1 _aФортепианная музыка российская
_yРоссия
_z20-21 вв.
_jНоты
_jУчебные издания
_2nlr_sh
606 1 _aМузыкальные произведения для фортепиано в 4 руки
_yРоссия
_z20-21 вв.
_jНоты
_jУчебные издания
_2nlr_sh
606 1 _aПопурри для фортепиано в 4 руки
_yРоссия
_z20-21 вв.
_jНоты
_jУчебные издания
_2nlr_sh
686 0 _aЩ952.425.49(2Р)я43
686 0 _aЩ952.425.4-077(2Р)
700 1 _9z03790
_aКапитанова
_bН. А.
_gНаталья Александровна
_4230
_7ca
702 1 _9z04790
_aГеталова
_bО. А.
_gОльга Александровна
_4340
_7ca
790 1 _9z03700
_aKapitanova
_bN. A.
_gNatal`ja Aleksandrovna
_4230
_7ba
790 1 _9z04702
_aGetalova
_bO. A.
_gOlga Aleksandrovna
_4340
_7ba
801 0 _aRU
_bNLR
_c20220704
_gPSBO
801 1 _aRU
_bNLR
_c20220704
_2rusmarc
801 2 _aRU
_bNLR
_c20221009
852 _aNLR
_bМ
_jК-3/30388
_p269429
_t1
942 _cSCORE
980 _aNB
980 _aONIZ